LIBRARY & INFORMATION CENTRE, KCAET, TAVANUR

ONLINE PUBLIC ACCESS CATALOGUE (OPAC)

Seed Science and Technology: Questions and Answers (Record no. 14523)

MARC details
000 -LEADER
fixed length control field 00380nam a22001457a 4500
020 ## - INTERNATIONAL STANDARD BOOK NUMBER
ISBN 9789381226216
082 ## - DEWEY DECIMAL CLASSIFICATION NUMBER
Classification number 631.521
Item number RAJ/SE
100 ## - MAIN ENTRY--AUTHOR NAME
Personal name Raja,K
100 ## - MAIN ENTRY--AUTHOR NAME
Personal name Sivasubramaniam,K
100 ## - MAIN ENTRY--AUTHOR NAME
Personal name Geetha,R
245 ## - TITLE STATEMENT
Title Seed Science and Technology: Questions and Answers
260 ## - PUBLICATION, DISTRIBUTION, ETC. (IMPRINT)
Place of publication Delhi
Name of publisher Satish Serial Publishing House
Year of publication 2012
300 ## - PHYSICAL DESCRIPTION
Number of Pages 156
942 ## - ADDED ENTRY ELEMENTS (KOHA)
Koha item type Books
Holdings
Withdrawn status Lost status Damaged status Collection code Home library Current library Shelving location Date acquired Source of acquisition Cost, normal purchase price Full call number Accession Number Koha item type
        KAUAET KAUAET General Stacks 14/07/2016 Arunima Book Distributors,TVPM 850.00 631.521 RAJ/SE 24838 Books
free website counter